Drogy snění /

Hlavní autor: Toro, Gianluca, 1969-
Další autoři: Thomas, Benjamin, 1970-
Jazyk: Čeština
Vydáno: Praha : Volvox Globator, 2008
Vydání: Vyd. 1.
Edice: Muchomůrky bílé
Témata:
Fyzický popis: 158 s. : il. ; 21 cm
Knihy
Uloženo v:
LEADER 01805cam a2200505 a 4500
001 nkc20091853631
003 CZ PrNK
005 20121205081413.0
007 ta
008 090108s2008 xr a e f 001 0 cze d
015 |a cnb001853631 
020 |a 978-80-7207-689-5  |q (brož.) 
035 |a (OCoLC)320410013 
040 |a KLG001  |b cze  |d BOA001  |d ABA001 
041 1 |a cze  |h eng 
072 7 |a 615  |x Farmacie. Farmakologie  |2 Konspekt  |9 14 
080 |a 633.888  |2 MRF 
080 |a 615.322  |2 MRF 
080 |a 159.963.3  |2 MRF 
080 |a (0.062)  |2 MRF 
100 1 |a Toro, Gianluca,  |d 1969-  |7 xx0088327  |4 aut 
245 1 0 |a Drogy snění /  |c Giancula Toro a Benjamin Thomas ; [přeložil Tomáš Lenikus] 
250 |a Vyd. 1. 
260 |a Praha :  |b Volvox Globator,  |c 2008 
300 |a 158 s. :  |b il. ;  |c 21 cm 
490 1 |a Muchomůrky bílé ;  |v 1 
500 |a Přeloženo z angličtiny 
504 |a Obsahuje bibliografii, bibliografické odkazy a rejstříky 
650 0 7 |a halucinogenní rostliny  |7 ph114650  |2 czenas 
650 0 7 |a rostlinné drogy  |7 ph125227  |2 czenas 
650 0 7 |a lucidní snění  |7 ph423586  |2 czenas 
650 0 9 |a hallucinogenic plants  |2 eczenas 
650 0 9 |a herbal drugs  |2 eczenas 
650 0 9 |a lucid dreaming  |2 eczenas 
655 7 |a populárně-naučné publikace  |7 fd131864  |2 czenas 
655 9 |a popular works  |2 eczenas 
700 1 |a Thomas, Benjamin,  |d 1970-  |7 xx0088326  |4 aut 
765 0 |t Drugs of the dreaming  |9 Česky 
830 0 |a Muchomůrky bílé  |0 s 
910 2 |a BOA001  |b 2-1219.553 
990 |a BK 
995 |a 01 
991 |b 200902  |c NOV 
996 6 |b 2610369384  |c 2-1219.553  |l MZK  |r Sklad / do 1 hodiny  |n 0  |p kup  |w 000930995  |u 000010  |a 1  |e BOA001  |j MZK50  |s P 
996 7 |b 2610385582  |c 2-1219.553  |l Vol.výběr  |r VV 1p  |n 24  |p p.v.  |h 633.8 TOR  |w 000930995  |u 000030  |a 0  |e BOA001  |j MZK50  |s A